Reforma al Código electoral: cambios en las funciones y estructura del TSE /
שמור ב:
| מחבר ראשי: | |
|---|---|
| מחברים אחרים: | |
| פורמט: | ספר |
| שפה: | Spanish |
| תגים: |
הוספת תג
אין תגיות, היה/י הראשונ/ה לתייג את הרשומה!
|
MARC
| LEADER | 00000nam a22000007a 4500 | ||
|---|---|---|---|
| 003 | cru CIDCACS/IIS | ||
| 005 | 20170921140639.0 | ||
| 007 | ta | ||
| 008 | 170921b2010 cr |||p|r|||| 00| 0 spa d | ||
| 999 | |c 40483 |d 40483 | ||
| 040 | |c cru CIDCACS/IIS | ||
| 100 | 1 | |9 5676 |a Esquivel Faerron, Max Alberto | |
| 245 | 1 | |a Reforma al Código electoral: |b cambios en las funciones y estructura del TSE / |c Max Alberto Esquivel Faerron, Hugo Picado León | |
| 300 | |a páginas 113-133 | ||
| 700 | 1 | |9 5677 |a Picado León, Hugo | |
| 773 | 0 | |0 40478 |9 1348 |a Costa Rica. Tribunal Supremo de Elecciones |d San José, Costa Rica: Tribunal Supremo de Elecciones 2006- |o 17629 |t Revista de Derecho Electoral / | |
| 942 | |2 ddc |c PP | ||
